Strzelcy bramek w 23 kolejce Ekstraklasy w sezonie 20/21. - Statystyki

Ogólne statystyki
  • Ten quiz został rozwiązany 31 razy
    22 od ostatniego zresetowania
  • Średni wynik to 9 z 21
Statystyki odpowiedzi
Mecz Piłkarz % Poprawnych
Legia Warszawa - Pogoń Szczecin 2:0 Pekhart
75%
Legia Warszawa - Pogoń Szczecin 3:0 Pekhart
75%
Cracovia - Lech Poznań 0:1 Ishak
70%
Lechia Gdańsk - Zagłębie Lubin 1:0 Zwoliński
70%
Stal Mielec - Raków Częstochowa 0:1 Ivi
65%
Górnik Zabrze - Warta Poznań 1:2 Jimenez
55%
Legia Warszawa - Pogoń Szczecin 4:2 Drygas
50%
Legia Warszawa - Pogoń Szczecin 1:0 Mladenovic
50%
Lechia Gdańsk - Zagłębie Lubin 2:1 Szysz
45%
Legia Warszawa - Pogoń Szczecin 4:0 Wieteska
45%
Jagiellonia Białystok - Śląsk Wrocław 0:1 Exposito
40%
Legia Warszawa - Pogoń Szczecin 4:1 Frączczak
40%
Cracovia - Lech Poznań 2:1 van Amersfoort
40%
Górnik Zabrze - Warta Poznań 0:1 Grzesik
35%
Wisła Płock - Piast Gliwice 0:1 Chrapek
25%
Górnik Zabrze - Warta Poznań 0:2 Kupczak
25%
Podbeskidzie - Wisła Kraków 2:0 Niepsuj
25%
Cracovia - Lech Poznań 1:1 Siplak
20%
Podbeskidzie - Wisła Kraków 1:0 Ubbink
20%
Lechia Gdańsk - Zagłębie Lubin 2:0 Maloca
15%
Lechia Gdańsk - Zagłębie Lubin 3:1 Udovicic
15%
Nie znaleziono quizów pasujących do podanych kryteriów
Rozkład punktacji
Procent ludzi z każdym wynikiem
Percentyl według liczby udzielonych odpowiedzi
Twoja historia wyników
Nie rozwiązałeś tego quizu od ostatniego zresetowania